[Event "Visma Chess IM B"]
[Site "Vaxjo"]
[Date "2015.06.25"]
[Round "2"]
[White "Rahul Kumar, Pune"]
[Black "Von Bahr, Oskar"]
[Result "1/2-1/2"]
[WhiteElo "2138"]
[BlackElo "2381"]

1.Nf3 Nf6 2.d4 g6 3.Bg5 Bg7 4.Nbd2 O-O 5.e3 d6 6.Bd3 h6 7.Bh4 Qe8 8.e4 e5 
9.dxe5 dxe5 10.h3 Nh5 11.Bg3 Nxg3 12.fxg3 Nd7 13.O-O Nc5 14.Qe2 Nxd3 15.
Qxd3 Be6 16.Qc3 Qe7 17.g4 a5 18.a3 a4 19.Ne1 Ra6 20.Qe3 Rc6 21.Rc1 Qc5 22.
Qxc5 Rxc5 23.Nd3 Ra5 24.Rf2 Rd8 25.Kf1 Bf8 26.Ke2 Be7 27.Rb1 f6 28.Rbf1 
Kg7 29.Rf3 Rb5 30.Kd1 Rd4 31.Kc1 Rb6 32.c3 Rd8 33.Kc2 Rbd6 34.R1f2 f5 35.
Nc5 Rxd2+ 36.Rxd2 Rxd2+ 37.Kxd2 Bxc5 38.gxf5 gxf5 39.exf5 Bd5 40.Rd3 Bxg2 
41.Rg3+ Kf6 42.Rxg2 Kxf5 43.Ke2 e4 44.Rg7 Bd6 45.Rg8 Ke5 46.Ra8 b5 47.Ra5 
c6 48.c4 Bc7 49.Ra7 Kd6 50.cxb5 cxb5 51.Ra8 Kd5 52.Kd2 Be5 53.Rd8+ Kc4 54.
Rc8+ Kd5 55.Rd8+ Kc4 56.Rc8+ Kd5 57.Rd8+ 1/2-1/2

[Event "Visma Chess GM"]
[Site "Vaxjo"]
[Date "2015.06.25"]
[Round "3"]
[White "Solodovnichenko, Yuri"]
[Black "Johansson, Linus"]
[Result "1-0"]
[WhiteElo "2587"]
[BlackElo "2391"]

1.e4 e6 2.d4 d5 3.Nc3 Bb4 4.e5 c5 5.a3 Bxc3+ 6.bxc3 Ne7 7.Qg4 cxd4 8.Bd3 
Qc7 9.Ne2 dxc3 10.Qxg7 Rg8 11.Qxh7 Qxe5 12.h4 Nd7 13.Bf4 Qf6 14.Bg5 Qh8 
15.Qxh8 Rxh8 16.Nxc3 a6 17.O-O-O f6 18.Be3 Ne5 19.Be2 Bd7 20.f4 Nf7 21.Bd4
e5 22.Bc5 Bc6 23.Bxe7 Kxe7 24.Nxd5+ Bxd5 25.Rxd5 exf4 26.Rf5 Ne5 27.Rxf4 
Rac8 28.Re1 Rc3 29.Kb2 Re3 30.a4 b5 31.axb5 axb5 32.Kc1 Ng6 33.Rf3 Re4 34.
g3 Ne5 35.Rff1 Rg8 36.Bxb5 Rb4 37.Bd3 Rxg3 38.Rh1 Kf7 39.Be2 Ra3 40.h5 
Ra1+ 41.Kd2 Rd4+ 42.Ke3 Rxe1 43.Rxe1 Rh4 44.Rf1 Ke6 45.Rf4 Rh2 46.Rf2 Rh4 
47.Rf4 Rh2 48.Ra4 Rh3+ 49.Kd2 f5 50.Ra6+ Kd5 51.Ra5+ Ke4 52.Ra4+ Kd5 53.
Rf4 Ke6 54.c4 Ng4 55.Rxg4 1-0

[Event "Visma Chess GM"]
[Site "Vaxjo"]
[Date "2015.06.25"]
[Round "3"]
[White "Berg, Emanuel"]
[Black "Tari, Aryan"]
[Result "1-0"]
[WhiteElo "2558"]
[BlackElo "2521"]

1.e4 c6 2.d4 d5 3.Nc3 dxe4 4.Nxe4 Bf5 5.Ng3 Bg6 6.h4 h6 7.Nf3 Nd7 8.h5 Bh7
9.Bd3 Bxd3 10.Qxd3 e6 11.Bd2 Ngf6 12.O-O-O Be7 13.Qe2 c5 14.Rhe1 O-O 15.
Nf5 Re8 16.Nxe7+ Qxe7 17.Kb1 Rac8 18.Rg1 e5 19.dxe5 Nxe5 20.Rge1 Nxf3 21.
Qxe7 Nxe1 22.Qxb7 Rb8 23.Qxa7 Nxg2 24.Rg1 Ne4 25.Ba5 Nf4 26.Re1 Ra8 27.Qb7
Rab8 28.Qc6 Re6 29.Qc7 Rbe8 30.Qxf4 Nc3+ 31.Bxc3 Rxe1+ 32.Bxe1 Rxe1+ 33.
Qc1 Rxc1+ 34.Kxc1 Kf8 35.Kd2 g5 36.hxg6 fxg6 37.Ke3 Ke7 38.a4 Kd6 39.b3 
Kc6 40.c3 h5 41.f4 Kd5 42.b4 cxb4 43.cxb4 Kc4 44.a5 1-0

[Event "Visma Chess GM"]
[Site "Vaxjo"]
[Date "2015.06.25"]
[Round "3"]
[White "Svane, Rasmus"]
[Black "Rusev, Krasimir"]
[Result "1-0"]
[WhiteElo "2520"]
[BlackElo "2541"]

1.Nf3 d5 2.c4 e6 3.d4 Nf6 4.Nc3 c5 5.cxd5 Nxd5 6.e4 Nxc3 7.bxc3 cxd4 8.
cxd4 Bb4+ 9.Bd2 Bxd2+ 10.Qxd2 O-O 11.Rc1 b6 12.Bd3 Bb7 13.O-O h6 14.Rfd1 
Nc6 15.d5 Na5 16.Bc2 exd5 17.e5 Re8 18.Qd3 g6 19.h4 h5 20.Ng5 Rxe5 21.Nxf7
Kxf7 22.Qxg6+ Ke7 23.Re1 Qh8 24.f4 Nc4 25.Qg5+ Kd6 26.fxe5+ Nxe5 27.Rf1 
Nc4 28.Rf6+ Kc5 29.Bd3 1-0

[Event "Visma Chess GM"]
[Site "Vaxjo"]
[Date "2015.06.25"]
[Round "3"]
[White "Ochsner, Bjorn Moller"]
[Black "Smith, Axel"]
[Result "0-1"]
[WhiteElo "2413"]
[BlackElo "2452"]

1.e4 c5 2.Nf3 Nc6 3.d4 cxd4 4.Nxd4 e5 5.Nb5 d6 6.N1c3 a6 7.Na3 b5 8.Nd5 
Nce7 9.c4 Nxd5 10.cxd5 f5 11.exf5 Bxf5 12.Bd3 Qd7 13.O-O Nf6 14.Nc2 Be7 
15.Bg5 O-O 16.Ne3 Bxd3 17.Qxd3 Nh5 18.Bxe7 Nf4 19.Qe4 Qxe7 20.a4 bxa4 21.
Rxa4 Ne2+ 22.Kh1 Rf4 23.Qc2 Nd4 24.Nf5 Rxf5 25.Rxd4 exd4 26.Qxf5 Qe5 27.
Qxe5 dxe5 28.Re1 Kf7 29.f4 Rd8 30.Rxe5 d3 31.Re1 d2 32.Rd1 Re8 0-1

[Event "Visma Chess GM"]
[Site "Vaxjo"]
[Date "2015.06.25"]
[Round "3"]
[White "Westerberg, Jonathan"]
[Black "Fernandez, Daniel H"]
[Result "1/2-1/2"]
[WhiteElo "2443"]
[BlackElo "2447"]

1.e4 c6 2.d4 d5 3.Nc3 dxe4 4.Nxe4 Bf5 5.Ng3 Bg6 6.Nh3 e6 7.Nf4 Bd6 8.h4 
Qc7 9.Nxg6 hxg6 10.Ne4 Bf4 11.Bxf4 Qxf4 12.Ng5 Nf6 13.g3 Qc7 14.Bg2 Nbd7 
15.Qd3 a5 16.O-O-O a4 17.Rhe1 O-O 18.Bh3 Rfe8 19.Re2 Nf8 20.Kb1 b5 21.Bg2 
Rad8 22.Red2 N8d7 23.Qf3 Rc8 24.g4 Nb6 25.h5 gxh5 26.gxh5 Nc4 27.Re2 e5 
28.Bh3 Rcd8 29.h6 exd4 30.Rg1 Rxe2 31.Qxe2 Qh2 32.Nf3 Qxh3 33.Qe7 Rc8 34.
Rxg7+ Kh8 35.Rxf7 Nd2+ 36.Ka1 Qxh6 37.Rxf6 Qh1+ 38.Ne1 Ne4 39.Rf8+ Rxf8 
40.Qxf8+ Kh7 1/2-1/2

[Event "Visma Chess IM A"]
[Site "Vaxjo"]
[Date "2015.06.25"]
[Round "3"]
[White "Livner, Anders"]
[Black "Frisk, Ellinor"]
[Result "1/2-1/2"]
[WhiteElo "2347"]
[BlackElo "2249"]

1.d4 d5 2.c4 c6 3.cxd5 cxd5 4.Bf4 Nf6 5.Nc3 Nc6 6.e3 a6 7.Bd3 Bg4 8.Nge2 
e6 9.O-O Bd6 10.f3 Bh5 11.Na4 O-O 12.Nc5 Bxc5 13.dxc5 e5 14.Bg5 h6 15.Bxf6
Qxf6 16.Ng3 Qg5 17.Nxh5 Qxh5 18.Qb3 e4 19.fxe4 dxe4 20.Bxe4 Qxc5 21.Rac1 
Qe5 22.Bxc6 bxc6 23.Rxc6 Rab8 24.Rb6 Rxb6 25.Qxb6 Rb8 26.Qxa6 Qxe3+ 27.Kh1
Rxb2 28.Qc8+ Kh7 29.Qf5+ Kh8 30.Qxf7 Qe2 31.Qf8+ Kh7 32.Qf5+ Kh8 33.Qf8+ 
Kh7 34.Qf5+ Kh8 35.Qf8+ 1/2-1/2

[Event "Visma Chess IM A"]
[Site "Vaxjo"]
[Date "2015.06.25"]
[Round "3"]
[White "Milchev, Nikolay"]
[Black "Carstensen, Jacob"]
[Result "1/2-1/2"]
[WhiteElo "2395"]
[BlackElo "2358"]

1.Nf3 d5 2.g3 Nf6 3.Bg2 g6 4.b4 Bg7 5.Bb2 O-O 6.O-O Nbd7 7.d3 c5 8.b5 a6 
9.c4 axb5 10.cxb5 b6 11.Nbd2 Bb7 12.a4 Qc7 13.Qc2 Ra7 14.Rfe1 d4 15.e3 
dxe3 16.fxe3 Nd5 17.Bxg7 Kxg7 18.Nc4 Nb4 19.Qc3+ Kg8 20.e4 Rfa8 21.Qb3 Nf8
22.Nce5 e6 23.d4 Rd8 24.Rac1 f6 25.Nc4 Raa8 26.Kh1 g5 27.dxc5 bxc5 28.Rc3 
g4 29.Ng1 Rd4 30.a5 Rad8 31.a6 Nd3 32.Rxd3 Rxd3 33.Qc2 Bxa6 34.bxa6 Ng6 
35.Rb1 Ne5 36.Rb7 Qc6 37.Nxe5 fxe5 38.Qf2 R3d7 39.Qf6 c4 40.Qg5+ Kf8 41.
Qxe5 Qxa6 42.Qh8+ Ke7 43.Qxh7+ Ke8 44.Qg8+ Ke7 45.Qg5+ Ke8 46.Qh5+ Ke7 47.
Qc5+ Qd6 48.Qg5+ Kf8 49.Qf6+ Ke8 50.Qg6+ Kf8 51.Qh6+ Kg8 52.Qg5+ Kf8 53.e5
Qa6 54.Qh6+ Kg8 55.Qg5+ Kf8 56.Qf6+ Kg8 57.Qg5+ 1/2-1/2

[Event "Visma Chess IM A"]
[Site "Vaxjo"]
[Date "2015.06.25"]
[Round "3"]
[White "Pettersson, Anders"]
[Black "Lindgren, Philip"]
[Result "0-1"]
[WhiteElo "2310"]
[BlackElo "2374"]

1.d4 d5 2.c4 c6 3.Nf3 Nf6 4.Nc3 e6 5.Bg5 h6 6.Bh4 dxc4 7.e4 g5 8.Bg3 b5 9.
Be2 Bb7 10.h4 g4 11.Ne5 Nbd7 12.Nxd7 Qxd7 13.Be5 Qe7 14.Bxg4 Rg8 15.Bf3 
Nd7 16.Bg3 e5 17.d5 Nc5 18.O-O O-O-O 19.Qe2 Nd3 20.dxc6 Bxc6 21.b3 Qc5 22.
Kh2 Qd4 23.Qc2 f5 24.Ne2 Qc5 25.exf5 e4 26.Bh5 Qxf5 27.bxc4 b4 28.a3 a5 
29.axb4 Bxb4 30.Nc3 Qxh5 31.Nb5 Rd7 32.Rxa5 Bxa5 33.Qa4 e3 34.Qxa5 Qxh4+ 
35.Bxh4 Rxg2+ 36.Kh3 Nf4# 0-1

[Event "Visma Chess IM A"]
[Site "Vaxjo"]
[Date "2015.06.25"]
[Round "3"]
[White "Shkuran, Daniil"]
[Black "Rydstrom, Tom"]
[Result "1-0"]
[WhiteElo "2389"]
[BlackElo "2282"]

1.e4 e5 2.Nf3 Nc6 3.Bb5 a6 4.Ba4 Nf6 5.Qe2 b5 6.Bb3 Bc5 7.c3 d6 8.O-O O-O 
9.d3 h6 10.Be3 Bxe3 11.fxe3 Na5 12.Bc2 c5 13.Nbd2 Be6 14.h3 Re8 15.Nh4 
Nxe4 16.Nxe4 Qxh4 17.Nxd6 Red8 18.Nf5 Qg5 19.e4 Rd7 20.Rf3 Bxf5 21.Rxf5 
Qe7 22.Qg4 Rad8 23.Raf1 Qe6 24.b4 Nb7 25.bxc5 Nxc5 26.d4 exd4 27.Rxc5 Qb6 
28.Rc8 d3+ 29.Kh1 dxc2 30.Qxd7 1-0

[Event "Visma Chess IM A"]
[Site "Vaxjo"]
[Date "2015.06.25"]
[Round "3"]
[White "Cederstam Barsk, Carl"]
[Black "Kvisvik, Brede Alexander"]
[Result "1/2-1/2"]
[WhiteElo "2336"]
[BlackElo "2293"]

1.e4 e6 2.d4 d5 3.Nd2 c5 4.exd5 Qxd5 5.dxc5 Bxc5 6.Ngf3 Nf6 7.Bc4 Qd8 8.
Qe2 O-O 9.Nb3 Bb6 10.O-O Nc6 11.Bg5 Qc7 12.Rad1 Nd7 13.Nbd4 Nxd4 14.Nxd4 
Qe5 15.Be3 Qf6 16.f4 e5 17.Nb5 exf4 18.Bxb6 Nxb6 19.Bb3 Qg5 20.Rd4 Bg4 21.
Qd3 f3 22.Nd6 Bh5 23.g3 Rad8 24.Re1 Qc5 25.Qc3 Qxc3 26.bxc3 Rd7 27.g4 Bxg4
28.Kf2 Bh5 29.Re5 Bg6 30.c4 Nc8 31.c5 b6 32.cxb6 axb6 33.Nb5 Rxd4 34.Nxd4 
Nd6 35.Kxf3 Rc8 36.h4 h5 37.Kf4 Rc3 38.Rd5 Ne4 39.Nf3 Rc8 40.Ne5 Nf6 41.
Nxg6 Nxd5+ 42.Bxd5 Rxc2 43.Ne5 Rf2+ 44.Ke3 Rf6 45.Ke4 g6 46.a4 Kg7 47.Nc4 
Kh6 48.Ne5 Kg7 49.Nc4 Kh6 50.Ne5 Kg7 1/2-1/2

[Event "Visma Chess IM B"]
[Site "Vaxjo"]
[Date "2015.06.25"]
[Round "3"]
[White "Pohjala, Henri"]
[Black "Christiansen, Johan-Sebastian"]
[Result "1-0"]
[WhiteElo "2404"]
[BlackElo "2397"]

1.d4 d5 2.Nf3 Nf6 3.Bg5 Ne4 4.Bf4 c5 5.e3 Qb6 6.Qc1 Nc6 7.c3 Bf5 8.h3 Rc8 
9.Nbd2 cxd4 10.Nxd4 Bg6 11.Be2 Nc5 12.O-O e6 13.N2b3 Nd3 14.Qd2 Nxf4 15.
exf4 Be7 16.f5 exf5 17.Bd3 O-O 18.Bxf5 Rcd8 19.Rfe1 Bf6 20.Bxg6 hxg6 21.
Re2 Ne5 22.Rae1 Nc4 23.Qc2 Rc8 24.Qb1 Nd6 25.Nf3 a5 26.Nbd4 Qa6 27.Qd1 
Rfd8 28.Qb3 Ne4 29.Qb5 Qa7 30.a3 Rd6 31.Qd3 Qb6 32.Qb5 Qc7 33.Rd1 Rcd8 34.
Qa4 R6d7 35.Qc2 Rb8 36.Qd3 Rdd8 37.Nd2 Nc5 38.Qe3 b5 39.N2f3 Ne4 40.Qd3 
Qb7 41.Rc2 Nc5 42.Qf1 Qb6 43.Rb1 Ne4 44.Rbc1 b4 45.axb4 axb4 46.Qd3 bxc3 
47.bxc3 Rdc8 48.c4 Nc5 49.Qd1 Rd8 50.Qe2 Re8 51.Qd1 Rbd8 52.Rb1 Qa6 53.Qf1
Bxd4 54.Nxd4 Qf6 55.Nb3 Ne4 56.cxd5 Rxd5 57.Re1 Rde5 58.Re3 Kh7 59.Rce2 
Qb6 60.Qe1 f5 61.Kh2 Qb8 62.f4 Rb5 63.Qh4+ Kg8 64.Nd2 Rb4 65.Nf3 Rd8 66.
Ne5 Rd6 67.Ra2 Rb7 68.Rea3 g5 69.fxg5 Rd8 70.Qf4 Re7 71.Ra8 Qxa8 72.Rxa8 
Rxa8 73.Qxf5 Nd6 74.Qf3 Ra5 75.Qb3+ Kh7 76.Nc6 Rae5 77.Nxe7 Rxe7 78.Qa3 
Re6 79.Qa6 Kg6 80.h4 Kf5 81.Qd3+ Ne4 82.Qf3+ Ke5 83.Qf8 g6 84.g3 Rd6 85.
Qf4+ Kd5 86.h5 gxh5 87.g6 Rf6 88.g7 Rxf4 89.g8=Q+ Ke5 90.Qb8+ 1-0

[Event "Visma Chess IM B"]
[Site "Vaxjo"]
[Date "2015.06.25"]
[Round "3"]
[White "Von Bahr, Oskar"]
[Black "Andersson, Tommy"]
[Result "1/2-1/2"]
[WhiteElo "2381"]
[BlackElo "2400"]

1.c4 Nf6 2.g3 e6 3.Bg2 d5 4.Nf3 Be7 5.O-O O-O 6.b3 b6 7.Bb2 Bb7 8.e3 c5 9.
Nc3 dxc4 10.bxc4 Nc6 11.Qe2 Nb4 12.Ne1 Bxg2 13.Kxg2 Qd7 14.a3 Nc6 15.d3 
Rfd8 16.f4 a6 17.a4 Ne8 18.Ne4 Nb4 19.Ra3 b5 20.axb5 axb5 21.Rxa8 Rxa8 22.
cxb5 Qxb5 23.f5 e5 24.Rf2 f6 25.Qd1 Nd5 26.Qf3 Rd8 27.Nc3 Nxc3 28.Bxc3 Qb3
29.Ba5 Rd6 30.Qh5 Qf7 31.Qxf7+ Kxf7 32.Rb2 Ra6 33.Bb6 Ra1 34.Kf2 Nd6 35.
Bxc5 Nxf5 36.Bxe7 Kxe7 37.Nf3 Nd6 38.Nd2 h5 39.Nc4 Rh1 40.Kf3 Nxc4 41.dxc4
Kd6 42.Rb7 g5 43.Ke4 Rf1 44.Rh7 f5+ 45.Kd3 Rf2 46.Rxh5 g4 47.h3 gxh3 48.
Rxh3 e4+ 49.Kc3 Re2 50.g4 fxg4 51.Rh6+ Ke5 52.Rh5+ Kf6 53.Kd4 g3 54.Rh8 
Rc2 55.Rg8 g2 56.Kxe4 Rxc4+ 57.Kd3 Ra4 58.Rxg2 Ke5 59.Rg5+ Ke6 60.Rb5 Ra1 
61.Ke4 Ra4+ 62.Kf3 Rc4 63.Ra5 Rb4 64.Rg5 Ra4 65.Rg4 Rxg4 66.Kxg4 Ke5 67.e4
Kxe4 1/2-1/2

[Event "Visma Chess IM B"]
[Site "Vaxjo"]
[Date "2015.06.25"]
[Round "3"]
[White "Bellon Lopez, Juan Manuel"]
[Black "Drugge, Patrick"]
[Result "1-0"]
[WhiteElo "2374"]
[BlackElo "2175"]

1.d4 d5 2.Bg5 Nf6 3.Bxf6 exf6 4.e3 Bf5 5.Nf3 c6 6.Bd3 Bxd3 7.Qxd3 g6 8.c4 
dxc4 9.Qxc4 Qb6 10.Nc3 Qb4 11.Qxb4 Bxb4 12.Ke2 Nd7 13.Rhc1 Nb6 14.a3 Bxc3 
15.bxc3 Nc4 16.Rcb1 O-O-O 17.Rb4 Nd6 18.a4 Rhe8 19.a5 a6 20.Ne1 c5 21.Rba4
cxd4 22.cxd4 Nb5 23.Kd2 f5 24.Nd3 Kb8 25.Rc4 Re7 26.g3 Nd6 27.Rcc1 Ne4+ 
28.Ke2 Rc8 29.f3 Nc3+ 30.Kd2 Nd5 31.Rxc8+ Kxc8 32.Rc1+ Kb8 33.Ne5 f6 34.
Nc4 Re6 35.Rb1 Ka7 36.Kd3 Kb8 37.e4 fxe4+ 38.fxe4 Rxe4 39.Nb6 Re3+ 40.Kd2 
Re2+ 41.Kd3 Re3+ 42.Kd2 Re4 43.Kd3 Re3+ 44.Kc4 Nc7 45.Nd7+ Kc8 46.Nxf6 Nb5
47.Rc1 Kd8 48.Rf1 Ra3 49.Kb4 Rd3 50.d5 Nc7 51.Kc5 Ra3 52.Kb6 Rb3+ 53.Ka7 
Kc8 54.Rc1 Kd8 55.d6 Nb5+ 56.Kxb7 Nxd6+ 57.Kxa6 h5 58.Rc6 Ke7 59.Nd5+ Kd7 
60.Rc7+ Ke6 61.Nf4+ Kf5 62.Rc5+ Kf6 63.Rc6 Ke5 64.Nxg6+ Kd5 65.Rb6 Ra3 66.
Nf4+ Kc5 67.Nxh5 Rxa5+ 68.Kxa5 Nc4+ 69.Ka6 Nxb6 70.g4 Nd5 71.g5 Kd6 72.Kb5
Ke6 73.Kc5 Ne3 74.Ng3 Ke5 75.Kc6 Ng4 76.h4 Ne3 77.Kd7 Kf4 78.Ke6 Kxg3 79.
h5 Ng2 80.h6 Nf4+ 81.Kf5 Nd5 82.h7 Ne7+ 83.Kf6 Nd5+ 84.Kf7 1-0

[Event "Visma Chess IM B"]
[Site "Vaxjo"]
[Date "2015.06.25"]
[Round "3"]
[White "Olofsson-Dolk, Mattis"]
[Black "Rahul Kumar, Pune"]
[Result "1/2-1/2"]
[WhiteElo "2238"]
[BlackElo "2138"]

1.e4 c5 2.Nf3 e6 3.d4 cxd4 4.Nxd4 Nc6 5.Nc3 d6 6.Be3 Nf6 7.f3 Be7 8.Qd2 a6
9.O-O-O Qc7 10.g4 h6 11.h4 Nd7 12.f4 b5 13.Nxc6 Qxc6 14.Bg2 Bb7 15.Ne2 Rc8
16.g5 Nb6 17.Bxb6 Qxb6 18.Nd4 Rc4 19.Rhe1 hxg5 20.hxg5 Rh2 21.Nf3 Rxg2 22.
Qxg2 Bxe4 23.Rd2 Qc6 24.Re3 Bd8 25.g6 Bb6 26.gxf7+ Kf8 27.Rxe4 Qxe4 28.Qh3
Qxf4 29.Qxe6 Re4 30.Qc8+ Kxf7 31.Qb7+ Re7 32.Qd5+ Kf8 33.Kb1 Bc5 34.a3 Qf7
35.Qa8+ Re8 36.Qc6 Re3 37.Qc8+ Re8 38.Qg4 Re3 39.Qc8+ Re8 40.Qg4 Re3 41.
Qc8+ 1/2-1/2

[Event "Visma Chess GM"]
[Site "Vaxjo"]
[Date "2015.06.26"]
[Round "4"]
[White "Solodovnichenko, Yuri"]
[Black "Westerberg, Jonathan"]
[Result "1-0"]
[WhiteElo "2587"]
[BlackElo "2443"]

1.e4 c5 2.Nf3 e6 3.d4 cxd4 4.Nxd4 Nc6 5.Nc3 Nf6 6.Nxc6 bxc6 7.e5 Nd5 8.Ne4
Bb7 9.Be2 c5 10.O-O Qc7 11.c4 Ne3 12.Bxe3 Bxe4 13.Bf4 Be7 14.Rc1 Qb7 15.f3
Bc6 16.Rc2 O-O 17.Rd2 a5 18.Qc2 f5 19.exf6 gxf6 20.Bd3 Rf7 21.Be4 Ra6 22.
Rfd1 Bf8 23.Bxc6 Qxc6 24.a4 e5 25.Be3 Qe6 26.Rd5 d6 27.f4 Qg4 28.Qf2 Qf5 
29.Bc1 Qe4 30.b3 Rb6 31.R5d3 Qb7 32.Rg3+ Kh8 33.Qc2 Rg7 34.Rh3 Qc8 35.Kh1 
Rbb7 36.Rf1 Rbf7 37.Bd2 Qa8 38.Bc3 Be7 39.Rhf3 Rf8 40.Kg1 Rfg8 41.g3 Bd8 
42.Qd2 Qe4 43.Qxd6 exf4 44.Qxf4 Qe6 45.Kg2 Rf8 46.Re1 Qb6 47.Re2 Kg8 48.
Qf5 Qxb3 49.Qd5+ Rgf7 50.Bxf6 Qxf3+ 51.Qxf3 Bxf6 52.Qd5 Bd4 53.Re7 Kg7 54.
Rxf7+ Rxf7 55.Qg5+ Kf8 56.Qd8+ Kg7 57.Qxa5 Rf2+ 58.Kh3 h5 59.Qc7+ Kg6 60.
Qc6+ Kg5 61.a5 Ra2 62.a6 Bg1 63.Qg2 Rxg2 64.Kxg2 Bd4 65.a7 1-0

[Event "Visma Chess GM"]
[Site "Vaxjo"]
[Date "2015.06.26"]
[Round "4"]
[White "Rusev, Krasimir"]
[Black "Berg, Emanuel"]
[Result "1-0"]
[WhiteElo "2541"]
[BlackElo "2558"]

1.d4 Nf6 2.Bf4 g6 3.e3 Bg7 4.h3 d6 5.c3 O-O 6.Bh2 Nbd7 7.Nf3 e6 8.Bd3 Qe7 
9.O-O e5 10.Be2 e4 11.Nfd2 h5 12.c4 Re8 13.Nc3 Nf8 14.Rc1 c6 15.b4 Bf5 16.
Nb3 Qd7 17.d5 Rad8 18.dxc6 bxc6 19.c5 d5 20.b5 Bxh3 21.bxc6 Qf5 22.gxh3 
Qxh3 23.c7 Rd7 24.Nd4 N8h7 25.Kh1 Ng4 26.Bxg4 hxg4 27.Rg1 Be5 28.Rg2 f5 
29.c6 Rf7 30.Nxd5 Ng5 31.Nf4 Bxf4 32.exf4 Nf3 33.Nxf3 exf3 34.Rg3 Qh8 35.
Qd7 Rff8 36.Qd5+ Kh7 37.Rb1 Qc3 38.Rgg1 Rc8 39.Qd7+ Kh6 40.Rbe1 Qb2 41.Re7
Rh8 42.Bg3 Qf6 43.Rf7 Rxc7 44.Qxc7 1-0

[Event "Visma Chess GM"]
[Site "Vaxjo"]
[Date "2015.06.26"]
[Round "4"]
[White "Tari, Aryan"]
[Black "Ochsner, Bjorn Moller"]
[Result "0-1"]
[WhiteElo "2521"]
[BlackElo "2413"]

1.e4 e5 2.Nf3 Nc6 3.Bb5 a6 4.Ba4 Nf6 5.O-O b5 6.Bb3 Bc5 7.c3 d6 8.d4 Bb6 
9.a4 Rb8 10.a5 Ba7 11.h3 O-O 12.Be3 Ra8 13.Nbd2 Bb7 14.Re1 h6 15.Nf1 Re8 
16.d5 Ne7 17.Bc2 c6 18.dxc6 Bxc6 19.Ng3 Bxe3 20.Rxe3 Qc7 21.Bb3 Rad8 22.
Qe1 Ng6 23.c4 bxc4 24.Bxc4 Bxe4 25.Bxa6 Ba8 26.Bb5 Re6 27.Rc1 Qb8 28.Rb3 
d5 29.Qb4 d4 30.Bc4 Qxb4 31.Rxb4 Rc6 32.Rd1 Rc5 33.a6 Nd5 34.Bxd5 Rcxd5 
35.Ra1 Nf4 36.a7 d3 37.Rb8 Ne6 38.Rc1 d2 39.Nxd2 Rxd2 40.Rcc8 Rxc8 41.
Rxc8+ Rd8 42.Rc3 Nd4 43.Ra3 Nc6 0-1

[Event "Visma Chess GM"]
[Site "Vaxjo"]
[Date "2015.06.26"]
[Round "4"]
[White "Fernandez, Daniel H"]
[Black "Svane, Rasmus"]
[Result "1/2-1/2"]
[WhiteElo "2447"]
[BlackElo "2520"]

1.e4 e6 2.d4 d5 3.Nd2 c5 4.exd5 Qxd5 5.Ngf3 cxd4 6.Bc4 Qd7 7.O-O Nc6 8.Nb3
Nf6 9.Nbxd4 Nxd4 10.Qxd4 Qxd4 11.Nxd4 Bd7 12.Bf4 Rc8 13.Bb3 Bc5 14.Rad1 
O-O 15.c3 Rfd8 16.Rfe1 b5 17.a3 a5 18.Nf3 Bc6 19.Rxd8+ Rxd8 20.Rd1 Rxd1+ 
21.Bxd1 Kf8 22.Ne5 Be8 23.c4 Bd4 24.b3 Ne4 25.Nd3 bxc4 26.bxc4 Ke7 27.Bc7 
Nc5 28.Bc2 Nxd3 29.Bxd3 a4 30.Ba5 Bc5 31.Bb4 Kd6 32.Bc3 Bxa3 33.Bxg7 Bc1 
34.Bf8+ Ke5 35.Bg7+ Kd6 36.Bf8+ Kc7 37.Bxh7 f5 38.Bg8 Bd7 39.g4 fxg4 40.
Bh7 Bc6 41.Bc2 a3 42.Bb3 Bf3 43.Kf1 Kc6 44.Ke1 e5 45.Bb4 Bb2 46.Ba2 Kb6 
47.Kf1 Kc7 48.Ke1 Kd7 49.Kd2 Ke6 50.Bc3 Be4 51.Ke3 Kf5 52.Bb4 Bc1+ 53.Ke2 
Kf4 54.c5 Bf3+ 55.Kd3 Bc6 56.Bc3 Be4+ 57.Ke2 Bb2 58.Bd2+ Kf5 59.Bb4 Bc6 
60.Ke3 e4 61.Ba5 Bc1+ 62.Ke2 Ke5 63.Bc3+ Kf4 64.Kd1 Bb2 65.Bxb2 axb2 66.
Kc2 Kf3 67.Be6 Kxf2 68.Bxg4 e3 69.Kxb2 Bf3 70.Bxf3 Kxf3 71.c6 e2 72.c7 
e1=Q 73.c8=Q Qe5+ 74.Qc3+ Qxc3+ 75.Kxc3 Kg4 76.h4 Kxh4 1/2-1/2

[Event "Visma Chess GM"]
[Site "Vaxjo"]
[Date "2015.06.26"]
[Round "4"]
[White "Johansson, Linus"]
[Black "Smith, Axel"]
[Result "1/2-1/2"]
[WhiteElo "2391"]
[BlackElo "2452"]

1.Nf3 c5 2.c4 Nc6 3.Nc3 e5 4.e3 Nf6 5.d4 cxd4 6.exd4 e4 7.Ng5 Bb4 8.d5 h6 
9.dxc6 hxg5 10.Bxg5 bxc6 11.a3 Be7 12.Be2 O-O 13.O-O d5 14.cxd5 cxd5 15.b4
Bb7 16.Nb5 a5 17.Qd4 Ba6 18.bxa5 Bxb5 19.Bxb5 Rxa5 20.a4 Qd6 21.g3 Qc5 22.
Be3 Qxd4 23.Bxd4 Raa8 24.Bc6 Rac8 25.Rfc1 Ng4 26.h3 Bf6 27.Bxf6 Nxf6 28.a5
d4 29.a6 d3 30.Bb7 Rxc1+ 31.Rxc1 Nd7 32.a7 Nb6 33.Rb1 d2 34.Rd1 Rd8 35.
Bxe4 Re8 36.Bf3 Re7 37.Rxd2 Rxa7 38.Kg2 g6 39.h4 Nc4 40.Re2 Kg7 41.Re1 Rd7
42.Rd1 Rxd1 43.Bxd1 f5 44.Be2 Nd6 45.f4 Kf6 46.Bd3 Nb7 47.Kf2 Nc5 48.Ke3 
Ne6 49.Bc4 Ng7 50.Be2 Ne6 51.Bf3 Ng7 52.Kd4 Ne6+ 53.Kd5 Ng7 54.Kd4 1/2-1/2

[Event "Visma Chess IM A"]
[Site "Vaxjo"]
[Date "2015.06.26"]
[Round "4"]
[White "Milchev, Nikolay"]
[Black "Livner, Anders"]
[Result "1-0"]
[WhiteElo "2395"]
[BlackElo "2347"]

1.e4 c6 2.d3 d5 3.Nd2 e5 4.Ngf3 Bd6 5.g3 Nf6 6.Bg2 O-O 7.O-O Re8 8.Re1 Bg4
9.h3 Bh5 10.g4 Bg6 11.Nh4 Bc5 12.Nf5 Nbd7 13.Nb3 Bb6 14.a4 a5 15.Bg5 Nf8 
16.Bh4 dxe4 17.dxe4 Qxd1 18.Raxd1 N6d7 19.Bf1 Bd8 20.Bg3 Bc7 21.Rd2 Reb8 
22.Red1 Nf6 23.f3 Ne6 24.h4 Kf8 25.Nd6 h5 26.g5 Nd7 27.Nxf7 Bxf7 28.Rxd7 
Be8 29.Rxc7 Nxc7 30.Bxe5 Rc8 31.Bh3 Rd8 32.Rxd8 Rxd8 33.Bxc7 Rd1+ 34.Kf2 
Rb1 35.Be5 b6 36.Nd4 g6 37.Ne6+ Kg8 38.Bf1 b5 39.Nc7 1-0

[Event "Visma Chess IM A"]
[Site "Vaxjo"]
[Date "2015.06.26"]
[Round "4"]
[White "Lindgren, Philip"]
[Black "Shkuran, Daniil"]
[Result "1-0"]
[WhiteElo "2374"]
[BlackElo "2389"]

1.d4 Nf6 2.c4 g6 3.Nc3 Bg7 4.Nf3 d6 5.Bg5 Bg4 6.e3 c6 7.Be2 h6 8.Bh4 O-O 
9.h3 Bxf3 10.Bxf3 Nbd7 11.O-O Qc7 12.Qc2 e5 13.dxe5 dxe5 14.Rad1 Nc5 15.b4
Ne6 16.b5 Ng5 17.Bxg5 hxg5 18.bxc6 bxc6 19.Ne4 Nxe4 20.Qxe4 Rac8 21.Qg4 
Bf6 22.Rd7 Qa5 23.Rfd1 Rfd8 24.R1d6 Rxd7 25.Qxd7 Rc7 26.Qe8+ Kg7 27.g3 
Qxa2 28.Rxf6 Qa1+ 29.Kh2 Kxf6 30.Qd8+ Re7 31.Bg4 Kg7 32.Qxe7 Qa2 33.Qxe5+ 
Kh7 34.Kg2 Qxc4 35.Qxg5 1-0

[Event "Visma Chess IM A"]
[Site "Vaxjo"]
[Date "2015.06.26"]
[Round "4"]
[White "Carstensen, Jacob"]
[Black "Kvisvik, Brede Alexander"]
[Result "1-0"]
[WhiteElo "2358"]
[BlackElo "2293"]

1.d4 d5 2.c4 dxc4 3.Nf3 Nf6 4.e3 b5 5.a4 b4 6.Bxc4 e6 7.Qe2 Bb7 8.O-O Be7 
9.Nbd2 O-O 10.e4 c5 11.dxc5 Nbd7 12.e5 Nd5 13.Ne4 Nxc5 14.Nxc5 Bxc5 15.Ng5
g6 16.Bd3 Qc7 17.h4 Ne7 18.Bf4 Nd5 19.Bd2 Bd4 20.Rae1 Bxb2 21.h5 Qe7 22.
Qg4 Bc3 23.Bxc3 bxc3 24.Nxh7 Kxh7 25.hxg6+ fxg6 26.Qxg6+ Kh8 27.Qh6+ Kg8 
28.Re4 Nf4 29.Rxf4 Rxf4 30.Qxf4 Qg7 31.f3 Rc8 32.Kf2 Rd8 33.Qe3 Rd5 34.Re1
Bc6 35.Bc2 Rd2+ 36.Re2 Rxe2+ 37.Qxe2 Qg5 38.Qc4 Qd2+ 39.Qe2 Qg5 40.Qe3 
Qh4+ 41.Kg1 Bxa4 42.Bxa4 Qxa4 43.Qxc3 Qd1+ 44.Kf2 Qd8 45.g4 Qh4+ 46.Kg2 
Qd8 47.Kg3 a5 48.Qc6 Kf7 49.Qb7+ Qe7 50.Qe4 Kg7 51.Qc6 Kf7 52.f4 Qa3+ 53.
Kh4 Qe7+ 54.g5 Kg7 55.f5 Qa7 56.f6+ Kg6 57.Qc2+ 1-0

[Event "Visma Chess IM A"]
[Site "Vaxjo"]
[Date "2015.06.26"]
[Round "4"]
[White "Frisk, Ellinor"]
[Black "Pettersson, Anders"]
[Result "1/2-1/2"]
[WhiteElo "2249"]
[BlackElo "2310"]

1.d4 f5 2.c4 Nf6 3.Nc3 e6 4.e3 d5 5.Bd3 c6 6.Nge2 Bd6 7.Qc2 Ne4 8.O-O O-O 
9.f3 Nxc3 10.Nxc3 Qf6 11.Qf2 b6 12.b3 Bb7 13.Bb2 Nd7 14.Rad1 Rad8 15.Rd2 
Rf7 16.Ne2 Rdf8 17.c5 Bb8 18.b4 e5 19.dxe5 Nxe5 20.Bb1 Qe7 21.Bxe5 Qxe5 
22.f4 Qe7 23.Rc1 a5 24.a3 bxc5 25.bxc5 Ba7 26.Rdc2 Ba6 27.Nd4 Rf6 28.Rc3 
Bc4 29.Ba2 Bxa2 30.Qxa2 Rb8 31.Qc2 Qe4 32.Rb3 Qe8 33.Rxb8 Bxb8 34.Kf2 g6 
35.Qc3 Qe4 36.g3 Bc7 37.Rc2 h6 38.Rb2 Qe7 39.Rb7 Qd8 40.Qb3 Kf8 41.Qa4 Qc8
42.Rb1 Qa8 43.Qc2 Ke7 44.Qc3 Qa6 45.a4 Kf7 46.Qb3 Ke7 47.h3 Kd7 48.Qc3 Rf7
49.Nf3 Re7 50.g4 g5 51.Qc2 fxg4 52.Qf5+ Kd8 53.Nd4 g3+ 54.Kf3 gxf4 55.Ne6+
Rxe6 56.Qxe6 Qd3 57.Qf6+ Kc8 58.Qe6+ Kd8 59.Qf6+ Kc8 60.Qe6+ Kd8 61.Qf6+ 
1/2-1/2

[Event "Visma Chess IM A"]
[Site "Vaxjo"]
[Date "2015.06.26"]
[Round "4"]
[White "Rydstrom, Tom"]
[Black "Cederstam Barsk, Carl"]
[Result "1-0"]
[WhiteElo "2282"]
[BlackElo "2336"]

1.e4 c5 2.Nf3 Nc6 3.d4 cxd4 4.Nxd4 Nf6 5.Nc3 e6 6.Ndb5 Bc5 7.Bf4 O-O 8.Bc7
Qe7 9.Bd6 Bxd6 10.Qxd6 Ne8 11.Qxe7 Nxe7 12.O-O-O f5 13.exf5 Nxf5 14.f3 a6 
15.Nd4 Ne7 16.a4 b6 17.Bc4 Ra7 18.Rhe1 Rc7 19.Bb3 Nf5 20.Nxf5 Rxf5 21.Nd5 
exd5 22.Rxe8+ Kf7 23.Rh8 Bb7 24.Rxh7 Rf4 25.Rh5 Kg6 26.Re5 Rc5 27.Rd3 Kf6 
28.Re8 Rb4 29.Rb8 Bc6 30.Kd2 Ke5 31.Re3+ Kd6 32.Rg8 d4 33.Rd3 Rg5 34.g4 
Ke7 35.h4 Rg6 36.g5 Bxa4 37.Bxa4 Rxa4 38.f4 Kf7 39.Rb8 Rc6 40.h5 Rac4 41.
c3 dxc3+ 42.bxc3 Ke6 43.Rg8 Kf7 44.Rd8 d6 45.Rd7+ Kf8 46.h6 gxh6 47.gxh6 
Kg8 48.Rg3+ Kh8 49.Rgg7 1-0